Najbardziej znane państwa europy - Statystyki

Ogólne statystyki
  • Ten quiz został rozwiązany 40 razy
  • Średni wynik to 13 z 15
Statystyki odpowiedzi
Lp. Odpowiedź % Poprawnych
14. Polska
100%
5. Hiszpania
97%
3. Niemcy
97%
6. Rosja
97%
2. Francja
94%
1. Wielka Brytania (Zjednoczone Królestwo)
94%
11. Szwecja
89%
4. Włochy
89%
9. Grecja
81%
10. Portugalia
81%
7. Szwajcaria
81%
8. Holandia
78%
12. Norwegia
75%
15. Irlandia
72%
13. Turcja
69%
Nie znaleziono quizów pasujących do podanych kryteriów
Rozkład punktacji
Procent ludzi z każdym wynikiem
Percentyl według liczby udzielonych odpowiedzi
Twoja historia wyników
Nie rozwiązałeś tego quizu